| 000 | 00941nam a22002177a 4500 | ||
|---|---|---|---|
| 999 |
_c7010 _d7010 |
||
| 003 | AR-CdUCM | ||
| 008 | 190319b ||||| |||| 00| 0 spa d | ||
| 040 |
_aMUNICIPALIDAD PROVINCIAL DEL CUSCO _cBIBLIOTECA MUNICIPAL DEL CUSCO |
||
| 082 |
_a620.8 / _bP26 |
||
| 100 |
_aParker, Harry _919751 |
||
| 245 |
_aIngeniería de Campo Simplificada : _bpara arquitectos y constructores / |
||
| 260 |
_a1972 : _bLimusa S.A. , _cMéxico. |
||
| 300 |
_a261 páginas ; _c22.2 cm. |
||
| 505 | _aContenido : Logaritmos -- Trigonometria -- Medicion de distancias -- Medicion de angulos -- Levantamientos de terrenos -- Cálculos de levantamientos -- Cálculos de áreas -- Problemas diversos de levantamientos -- Curvas circulares... | ||
| 650 |
_aLevantamientos Topograficos _919752 |
||
| 650 |
_aIngernieria de Campo _919753 |
||
| 650 |
_aCiencias de la Construccion _919754 |
||
| 700 |
_aMacGuire W. ,John _919755 |
||
| 942 |
_2ddc _cLIBROS |
||
| 945 | _artm | ||